[Event "Norway Chess 2019"]
[Site "Stavanger NOR"]
[Date "2019.06.05"]
[Round "2"]
[White "Aronian, Levon"]
[Black "Carlsen, Magnus"]
[Result "1/2-1/2"]
[WhiteElo "2752"]
[BlackElo "2875"]
[PlyCount "136"]
[EventDate "2019.06.04"]

1. e4 c5 2. Nf3 Nc6 3. Bb5 g6 4. Bxc6 dxc6 5. d3 Qc7 6. O-O e5 7. Be3 Nf6 8.
Qe1 Bg4 9. Nbd2 Nh5 10. a3 Be7 11. Qb1 Nf4 12. b4 Ne2+ 13. Kh1 Nd4 14. Ng1 g5
15. bxc5 Bxc5 16. Bxg5 Rg8 17. Bh4 Be7 18. Bg3 O-O-O 19. Nc4 f6 20. a4 Ne6 21.
f3 Bh5 22. Bf2 Bc5 23. Bxc5 Nxc5 24. Ne2 Bf7 25. Ne3 Qa5 26. Qe1 Qxe1 27. Rfxe1
a5 28. Kg1 h5 29. h4 Kc7 30. Kf2 Be6 31. Rg1 Rh8 32. Rh1 Rd7 33. Rhd1 Bf7 34.
d4 exd4 35. Rxd4 Rxd4 36. Nxd4 Rd8 37. Ne2 Rd2 38. Ke1 Rd8 39. Nf5 Ra8 40. Nc3
Be6 41. Ne3 Kd6 42. Rd1+ Ke7 43. Rd4 Ra6 44. Kd2 Rb6 45. Nf5+ Bxf5 46. exf5 Rb2
47. Rc4 Kd6 48. Ne4+ Nxe4+ 49. Rxe4 Ra2 50. g4 hxg4 51. fxg4 Kd5 52. Kd3 Ra3+
53. c3 b5 54. h5 b4 55. Rd4+ Ke5 56. Rc4 Rxa4 57. h6 Ra1 58. cxb4 axb4 59. Rxc6
Ra3+ 60. Kc4 Rc3+ 61. Kb5 Rh3 62. Kxb4 Rxh6 63. Kc5 Rh1 64. Re6+ Kf4 65. Rxf6
Kxg4 66. Kd6 Kg5 67. Ke7 Ra1 68. Rf8 Ra7+ 1/2-1/2

[Event "Norway Chess 2019"]
[Site "Stavanger NOR"]
[Date "2019.06.05"]
[Round "2"]
[White "Anand, Viswanathan"]
[Black "Mamedyarov, Shakhriyar"]
[Result "0-1"]
[WhiteElo "2767"]
[BlackElo "2774"]
[PlyCount "68"]
[EventDate "2019.06.04"]

1. e4 c5 2. Nf3 Nc6 3. Bb5 g6 4. Bxc6 bxc6 5. O-O Bg7 6. Re1 Nh6 7. c3 O-O 8.
h3 f5 9. e5 Nf7 10. d3 Rb8 11. b3 d6 12. Bf4 h6 13. h4 e6 14. exd6 g5 15. Be5
Nxe5 16. Nxe5 Qxd6 17. Qe2 Bxe5 18. Qxe5 Qxe5 19. Rxe5 Rd8 20. Rxc5 Rxd3 21.
Na3 Bd7 22. Ra5 Rb7 23. hxg5 hxg5 24. c4 Kg7 25. c5 Kf6 26. Nc4 e5 27. Nd6 Rc7
28. f3 Ke6 29. Re1 Rd5 30. b4 Rd4 31. a3 g4 32. Ra6 Kd5 33. Nf7 e4 34. fxg4 Bc8
0-1

[Event "Norway Chess 2019"]
[Site "Stavanger NOR"]
[Date "2019.06.05"]
[Round "2"]
[White "Yu, Yangyi"]
[Black "Ding, Liren"]
[Result "1/2-1/2"]
[WhiteElo "2738"]
[BlackElo "2805"]
[PlyCount "87"]
[EventDate "2019.06.04"]

1. d4 Nf6 2. c4 e6 3. g3 c5 4. Nf3 cxd4 5. Nxd4 d5 6. Bg2 e5 7. Nf3 d4 8. O-O
Nc6 9. e3 Be7 10. exd4 exd4 11. Bf4 Be6 12. Nbd2 O-O 13. Re1 Qd7 14. a3 a5 15.
Ne5 Nxe5 16. Bxe5 Ng4 17. Nf3 Nxe5 18. Nxe5 Qd6 19. Rc1 Rac8 20. Bxb7 Rc5 21.
Bd5 Bxd5 22. cxd5 Qxd5 23. Rxc5 Bxc5 24. Qf3 Qxf3 25. Nxf3 f6 26. Rc1 Bb6 27.
Ne1 Kf7 28. Nd3 Ke7 29. Rc6 Rb8 30. Kg2 Kd7 31. Rc2 Ba7 32. b4 axb4 33. axb4
Bb6 34. Kf3 Ra8 35. Ke4 Ra3 36. Nc5+ Bxc5 37. Rxc5 Ra2 38. Rh5 h6 39. f4 Rb2
40. Rd5+ Kc6 41. Rxd4 Rxh2 42. Kf5 Rg2 43. g4 g5 44. fxg5 1/2-1/2

[Event "Norway Chess 2019"]
[Site "Stavanger NOR"]
[Date "2019.06.05"]
[Round "2"]
[White "Caruana, Fabiano"]
[Black "Vachier-Lagrave, Maxime"]
[Result "1-0"]
[WhiteElo "2819"]
[BlackElo "2779"]
[PlyCount "119"]
[EventDate "2019.06.04"]

1. e4 c5 2. Nf3 d6 3. d4 cxd4 4. Nxd4 Nf6 5. Nc3 a6 6. Bg5 e6 7. f4 Qb6 8. Qd2
Qxb2 9. Rb1 Qa3 10. f5 Be7 11. fxe6 Bxe6 12. Nxe6 fxe6 13. Bc4 Nbd7 14. Bxe6
Nc5 15. Bc4 Ncxe4 16. Nxe4 Nxe4 17. Bf7+ Kxf7 18. Qd5+ Ke8 19. Qxe4 Qa5+ 20.
Kd1 Qxg5 21. Rxb7 Rf8 22. Re1 Rf7 23. Rxe7+ Rxe7 24. Qxa8+ Kf7 25. Rf1+ Kg6 26.
Qxa6 Qe5 27. Qd3+ Kh6 28. c3 Qxh2 29. Qd2+ Kg6 30. Rf4 Re6 31. Qc2+ Kh6 32. Qf2
Qh5+ 33. Kd2 Qd5+ 34. Kc1 g6 35. a4 Qe5 36. Kc2 g5 37. Rd4 Kg6 38. Qf3 h5 39.
Rd5 Qe2+ 40. Qxe2 Rxe2+ 41. Rd2 Re6 42. a5 h4 43. Kb3 g4 44. Kb4 Re1 45. Ra2
Rb1+ 46. Kc4 h3 47. gxh3 gxh3 48. a6 Rb8 49. Kd5 Ra8 50. Kxd6 h2 51. Rxh2 Rxa6+
52. Kd5 Kf7 53. Re2 Ra8 54. c4 Rd8+ 55. Kc6 Rc8+ 56. Kb5 Rb8+ 57. Ka6 Rc8 58.
Re4 Kf6 59. Kb7 Kf5 60. Rd4 1-0

[Event "Norway Armageddon 2019"]
[Site "Stavanger NOR"]
[Date "2019.06.04"]
[Round "1"]
[White "Carlsen, Magnus"]
[Black "Anand, Viswanathan"]
[Result "1-0"]
[WhiteElo "2875"]
[BlackElo "2767"]
[PlyCount "85"]
[EventDate "2019.06.04"]

1. c4 e5 2. Nc3 Bb4 3. Nd5 Be7 4. d4 exd4 5. Qxd4 Nf6 6. Nxe7 Qxe7 7. Bg5 Nc6
8. Qc3 Ne5 9. Nf3 d6 10. e3 h6 11. Bh4 g5 12. Nxe5 dxe5 13. Bg3 Nd7 14. h4 g4
15. c5 h5 16. Rc1 c6 17. Bd3 O-O 18. O-O Re8 19. Rfd1 Nf6 20. Bb1 Nd5 21. Qc2
e4 22. Rd4 f5 23. a3 Be6 24. Rcd1 Rad8 25. Ba2 Rd7 26. b4 a6 27. a4 Red8 28. b5
axb5 29. axb5 Nf6 30. Rd6 Bxa2 31. Qxa2+ Qf7 32. Qa5 Rxd6 33. cxd6 Qd7 34. bxc6
bxc6 35. Rb1 Rf8 36. Qc7 Rf7 37. Rb8+ Kh7 38. Be5 Nd5 39. Rh8+ Kg6 40. Qb8 Nf6
41. Bxf6 Kxf6 42. Rh6+ Ke5 43. Qh8+ 1-0

[Event "Norway Armageddon 2019"]
[Site "Stavanger NOR"]
[Date "2019.06.04"]
[Round "1"]
[White "Mamedyarov, Shakhriyar"]
[Black "Caruana, Fabiano"]
[Result "1-0"]
[WhiteElo "2774"]
[BlackElo "2819"]
[PlyCount "141"]
[EventDate "2019.06.04"]

1. d4 Nf6 2. Bg5 e6 3. e4 h6 4. Bxf6 Qxf6 5. c3 d5 6. Qe2 dxe4 7. Qxe4 Bd6 8.
Nf3 O-O 9. Bd3 g6 10. Nbd2 Nd7 11. Nc4 Qe7 12. O-O-O Nf6 13. Qe2 c5 14. Kb1
cxd4 15. Nxd4 Bc7 16. Rde1 Kg7 17. g3 Rd8 18. f4 Qc5 19. Ne5 Bxe5 20. fxe5 Nd5
21. Qf2 Qe7 22. h4 Bd7 23. h5 g5 24. Qe2 Rac8 25. Ka1 a5 26. Rhf1 a4 27. c4 Nb4
28. Bb1 a3 29. bxa3 Na6 30. Rf6 Rh8 31. Ref1 Be8 32. Qf2 Nc5 33. Qc2 Rd8 34.
Nb5 Nd7 35. Qc3 Qc5 36. Nd6 Nxf6 37. exf6+ Kf8 38. Nxb7 Qd4 39. Rf3 Qxc3+ 40.
Rxc3 Rd1 41. a4 Bc6 42. Nc5 Rf1 43. Rb3 Rxf6 44. Rb6 Bxa4 45. Nxa4 Kg7 46. c5
Rf3 47. Rb3 Rf1 48. Kb2 Rd8 49. Bc2 Rf2 50. Rc3 Rb8+ 51. Ka3 Rc8 52. c6 Rc7 53.
Kb4 f5 54. Kb5 f4 55. gxf4 Rxf4 56. Kb6 Rc8 57. Kb7 Rcf8 58. Nb6 g4 59. c7 R4f7
60. a4 Kf6 61. a5 Rg8 62. a6 g3 63. Be4 Ke5 64. Bg2 Kd4 65. Rc2 Kd3 66. Rc6 Rf2
67. c8=Q Rxc8 68. Rxc8 Rxg2 69. a7 Ra2 70. Rg8 g2 71. a8=Q 1-0

[Event "Norway Armageddon 2019"]
[Site "Stavanger NOR"]
[Date "2019.06.04"]
[Round "1"]
[White "Ding, Liren"]
[Black "So, Wesley"]
[Result "1-0"]
[WhiteElo "2805"]
[BlackElo "2754"]
[PlyCount "69"]
[EventDate "2019.06.04"]

1. c4 e6 2. Nc3 d5 3. d4 Nf6 4. cxd5 Nxd5 5. e4 Nxc3 6. bxc3 c5 7. Rb1 Be7 8.
Nf3 O-O 9. Bc4 a6 10. a4 Qc7 11. Be2 b6 12. O-O cxd4 13. cxd4 Bb7 14. Bd3 Nc6
15. Rb3 Na5 16. Rb2 Nc6 17. Rd2 Rfd8 18. Bb2 Rac8 19. d5 Nb4 20. Bb1 exd5 21.
e5 g6 22. Re1 d4 23. e6 f6 24. Nxd4 Nc6 25. Nf5 Rxd2 26. Nxe7+ Qxe7 27. Qxd2
Kg7 28. Qf4 Rf8 29. h4 Bc8 30. h5 Ne5 31. Rxe5 fxe5 32. Qxe5+ Kh6 33. hxg6 hxg6
34. Qh2+ Kg5 35. Qg3+ 1-0

[Event "Norway Armageddon 2019"]
[Site "Stavanger NOR"]
[Date "2019.06.04"]
[Round "1"]
[White "Vachier-Lagrave, Maxime"]
[Black "Yu, Yangyi"]
[Result "0-1"]
[WhiteElo "2779"]
[BlackElo "2738"]
[PlyCount "78"]
[EventDate "2019.06.04"]

1. c4 Nf6 2. Nc3 e5 3. Nf3 Nc6 4. e3 g6 5. d4 d6 6. Be2 Bg7 7. O-O O-O 8. b3
Bf5 9. Bb2 exd4 10. exd4 Ne4 11. Nd5 Re8 12. Re1 a5 13. a3 Ne7 14. Ne3 Bd7 15.
Bd3 Nf6 16. Qd2 Ng4 17. d5 Nxe3 18. Bxg7 Kxg7 19. Rxe3 Ng8 20. Rxe8 Bxe8 21.
Re1 Bd7 22. h3 Qf6 23. Kh2 b6 24. Re4 Re8 25. Rf4 Qa1 26. g4 h6 27. g5 hxg5 28.
Nxg5 Nf6 29. Kg2 Qe1 30. Qb2 Qe5 31. Qxe5 dxe5 32. Rh4 Nh5 33. Be2 f6 34. Ne4
Nf4+ 35. Kf3 g5 36. Rh7+ Kxh7 37. Nxf6+ Kg7 38. Nxd7 Nxe2 39. Kxe2 Rd8 0-1

[Event "Norway Armageddon 2019"]
[Site "Stavanger NOR"]
[Date "2019.06.04"]
[Round "1"]
[White "Aronian, Levon"]
[Black "Grischuk, Alexander"]
[Result "1-0"]
[WhiteElo "2752"]
[BlackElo "2775"]
[PlyCount "100"]
[EventDate "2019.06.04"]

1. c4 e5 2. g3 Nf6 3. Bg2 d5 4. cxd5 Nxd5 5. Nc3 Nb6 6. d3 Bc5 7. Bd2 O-O 8.
Rc1 Re8 9. Nb5 Bd6 10. h4 Nc6 11. Bxc6 bxc6 12. Nc3 a5 13. Nf3 a4 14. Qc2 h6
15. Rg1 f5 16. Nd1 c5 17. Ne3 Be6 18. Bc3 Nd7 19. Nd2 Qe7 20. Ndc4 Qf7 21. f4
Bxc4 22. Nxc4 e4 23. Rd1 Ra6 24. Kf2 Bf8 25. e3 Rae6 26. Qe2 exd3 27. Qxd3 Re4
28. Qxd7 Qxc4 29. Rge1 a3 30. Rd2 R4e6 31. Qd5 Qxd5 32. Rxd5 axb2 33. Bxb2 Ra6
34. a3 c4 35. Rxf5 Rb8 36. Re2 Rb3 37. Rc2 c3 38. Bc1 Rb1 39. Kf3 Rc6 40. Rd5
Ra1 41. Rd3 Bxa3 42. Bxa3 Rxa3 43. e4 Kf7 44. e5 h5 45. f5 Rc5 46. Ke4 Raa5 47.
e6+ Kf6 48. Rd7 Rxf5 49. Rf7+ Kxe6 50. Rxc7 Rfe5+ 1-0

[Event "Norway Armageddon 2019"]
[Site "Stavanger NOR"]
[Date "2019.06.05"]
[Round "2"]
[White "Yu, Yangyi"]
[Black "Ding, Liren"]
[Result "1-0"]
[WhiteElo "2738"]
[BlackElo "2805"]
[PlyCount "111"]
[EventDate "2019.06.04"]

1. d4 Nf6 2. c4 e6 3. Nc3 Bb4 4. Qc2 O-O 5. e4 d5 6. e5 Ne4 7. Bd3 c5 8. Nf3
cxd4 9. Nxd4 Nd7 10. Bf4 Qh4 11. g3 Qh5 12. f3 Bxc3+ 13. bxc3 Nec5 14. g4 Nxd3+
15. Qxd3 Qg6 16. Qxg6 hxg6 17. cxd5 exd5 18. Kf2 Nc5 19. Rhd1 Bd7 20. Kg3 Rfc8
21. Rab1 b6 22. Ne2 Ne6 23. Rxd5 Bc6 24. Rd6 Bb7 25. Be3 Ba6 26. Nd4 Rxc3 27.
Nxe6 fxe6 28. Rb3 Rac8 29. Rxe6 Bc4 30. Rxc3 Bxe6 31. Rxc8+ Bxc8 32. Kh4 Kf7
33. Kg5 Bb7 34. f4 Be4 35. f5 gxf5 36. gxf5 b5 37. Bxa7 b4 38. Bc5 Bd5 39. Bxb4
Bxa2 40. h4 Bd5 41. h5 Bc6 42. e6+ Kg8 43. Bc3 Be8 44. Bxg7 Kxg7 45. h6+ Kh7
46. f6 Kg8 47. Kf5 Bh5 48. Ke5 Bg6 49. Kd6 Kf8 50. Kd7 Bf5 51. h7 Bxh7 52. e7+
Kf7 53. e8=Q+ Kxf6 54. Qh8+ Kg6 55. Ke7 Kg5 56. Qxh7 1-0

[Event "Norway Armageddon 2019"]
[Site "Stavanger NOR"]
[Date "2019.06.05"]
[Round "2"]
[White "Grischuk, Alexander"]
[Black "So, Wesley"]
[Result "1/2-1/2"]
[WhiteElo "2775"]
[BlackElo "2754"]
[PlyCount "110"]
[EventDate "2019.06.04"]

1. Nf3 Nf6 2. g3 d5 3. d3 c5 4. Bg2 Nc6 5. O-O e5 6. e4 d4 7. a4 Be7 8. Na3 Be6
9. Ng5 Bg4 10. f3 Bh5 11. h4 Nd7 12. Bd2 O-O 13. Qe1 Re8 14. Nh3 f6 15. f4 b6
16. f5 a6 17. Bf3 Bxf3 18. Rxf3 b5 19. b3 c4 20. bxc4 Bxa3 21. Rxa3 bxc4 22.
dxc4 Rb8 23. Nf2 Qe7 24. Ra1 Qf7 25. g4 Rb2 26. Qc1 Reb8 27. Nd3 R2b7 28. c5
Qc4 29. g5 Nxc5 30. Qe1 Qxc2 31. Nxc5 Rb1 32. Nd3 Rxe1+ 33. Bxe1 Rb1 34. Rxb1
Qxb1 35. Kf1 a5 36. Rg3 Kh8 37. gxf6 gxf6 38. Nc5 Qc2 39. Nd7 Qc4+ 40. Kg1 Qf7
41. Nb6 d3 42. Rxd3 Qh5 43. Nd5 Kg7 44. Rc3 Qd1 45. Kf2 Nd4 46. Rc7+ Kf8 47.
Nc3 Qf3+ 48. Kg1 Qg4+ 49. Kf1 Qh3+ 50. Kf2 Qf3+ 51. Kg1 Qg4+ 52. Kf1 Qh3+ 53.
Kf2 Qf3+ 54. Kg1 Qg4+ 55. Kf1 Qh3+ 1/2-1/2

[Event "Norway Chess 2019"]
[Site "Stavanger NOR"]
[Date "2019.06.06"]
[Round "3"]
[White "Carlsen, Magnus"]
[Black "Grischuk, Alexander"]
[Result "1-0"]
[WhiteElo "2875"]
[BlackElo "2775"]
[PlyCount "67"]
[EventDate "2019.06.04"]

1. d4 Nf6 2. c4 g6 3. Nc3 d5 4. cxd5 Nxd5 5. e4 Nxc3 6. bxc3 Bg7 7. Be3 c5 8.
Rc1 Qa5 9. Qd2 O-O 10. Nf3 Bg4 11. d5 b5 12. Be2 Nd7 13. O-O Bxf3 14. Bxf3 c4
15. Be2 Rfd8 16. f4 Nb6 17. Bf3 Qa3 18. h4 e6 19. h5 Na4 20. hxg6 hxg6 21. f5
exf5 22. exf5 Qd6 23. Bf4 Qb6+ 24. Kh1 gxf5 25. d6 Rab8 26. Bd5 Nc5 27. Bg3 Ne6
28. Rxf5 Rxd6 29. Bxd6 Qxd6 30. Qe3 Qb6 31. Qf3 Rf8 32. Rf1 Nd8 33. Rh5 Qc7 34.
Qe4 1-0

[Event "Norway Chess 2019"]
[Site "Stavanger NOR"]
[Date "2019.06.06"]
[Round "3"]
[White "So, Wesley"]
[Black "Yu, Yangyi"]
[Result "1-0"]
[WhiteElo "2754"]
[BlackElo "2738"]
[PlyCount "131"]
[EventDate "2019.06.04"]

1. e4 e5 2. Nf3 Nf6 3. Nxe5 d6 4. Nf3 Nxe4 5. Nc3 Nxc3 6. dxc3 Be7 7. Be3 Nc6
8. Qd2 Be6 9. O-O-O Qd7 10. Kb1 Bf6 11. h4 O-O-O 12. Nd4 Nxd4 13. Bxd4 Be5 14.
Qe3 Qa4 15. b3 Qa5 16. Bxe5 dxe5 17. Be2 g6 18. c4 Rxd1+ 19. Rxd1 Rd8 20. Bd3
Qb6 21. Qxb6 axb6 22. Re1 f6 23. f4 Re8 24. fxe5 Bg8 25. h5 gxh5 26. Bf5+ Kb8
27. e6 c5 28. Re3 Kc7 29. Rg3 Bxe6 30. Rg7+ Kb8 31. Be4 Bc8 32. Bd5 Re2 33. Bf3
Rd2 34. Bxh5 Bf5 35. Bf3 Rd7 36. Rg8+ Ka7 37. Kc1 Re7 38. Rf8 Be4 39. Rxf6 Bxf3
40. gxf3 Re2 41. Rh6 Rf2 42. Rh3 h5 43. Kb2 Ka6 44. a4 h4 45. Kc3 Ka5 46. Kb2
Ka6 47. Kc1 Ka7 48. Kb1 Ka6 49. Kb2 Ka7 50. Kc3 Kb8 51. Kd3 Kc7 52. Ke4 Re2+
53. Kd3 Rf2 54. Ke4 Re2+ 55. Kf5 Rxc2 56. f4 Rf2 57. Rxh4 Rf3 58. Kg5 Rxb3 59.
f5 Rg3+ 60. Rg4 Ra3 61. f6 Rxa4 62. f7 Ra8 63. Kf6 b5 64. Rg8 Ra1 65. f8=Q Rf1+
66. Ke5 1-0

[Event "Norway Chess 2019"]
[Site "Stavanger NOR"]
[Date "2019.06.06"]
[Round "3"]
[White "Ding, Liren"]
[Black "Caruana, Fabiano"]
[Result "1-0"]
[WhiteElo "2805"]
[BlackElo "2819"]
[PlyCount "153"]
[EventDate "2019.06.04"]

1. d4 Nf6 2. g3 e6 3. Bg2 c5 4. Nf3 cxd4 5. O-O Qc7 6. Nxd4 a6 7. b3 d5 8. c4
dxc4 9. Bb2 cxb3 10. Qxb3 Nc6 11. Nxc6 bxc6 12. Bxf6 gxf6 13. Qc3 Bd7 14. Qxf6
Rg8 15. Nc3 Rg6 16. Qf3 Be7 17. Rac1 Kf8 18. Ne4 Be8 19. Nc5 Qa5 20. Qe3 Qxa2
21. Be4 Rg7 22. Rc2 Qa5 23. Rb1 Qc7 24. Qf3 Kg8 25. Rb7 Qd6 26. Bd3 Bd8 27. Ne4
Qe5 28. Rc5 Qd4 29. Rc4 Qe5 30. Rc5 Qd4 31. Qf4 a5 32. Rb8 Rxb8 33. Qxb8 Kf8
34. Nd6 Ke7 35. Nxe8 Qxc5 36. Nxg7 a4 37. g4 a3 38. Qb3 Bb6 39. e3 Qg5 40. Nh5
Qxg4+ 41. Ng3 Bc5 42. Kg2 h5 43. h3 Qg5 44. Kf1 Qd5 45. Qxd5 cxd5 46. Bb1 h4
47. Ne2 f5 48. Nf4 Kf7 49. Ba2 Be7 50. Ke2 Bf6 51. Kd3 Be5 52. Ng2 Bf6 53. Ne1
Be7 54. Kc2 Kf6 55. Nf3 f4 56. Nxh4 fxe3 57. fxe3 Kg5 58. Nf3+ Kf5 59. Kd3 Bc5
60. Nd4+ Ke5 61. Nf3+ Kf5 62. Ke2 Kf6 63. Bb1 e5 64. Ba2 e4 65. Nd4 Ke5 66. Nb5
Be7 67. Bb3 Bc5 68. h4 d4 69. exd4+ Bxd4 70. Nxa3 Kf5 71. h5 Kg5 72. Bf7 Kf4
73. Nc4 Bg7 74. Bg6 Bd4 75. Nd6 e3 76. Nf7 Bg7 77. Bd3 1-0

[Event "Norway Chess 2019"]
[Site "Stavanger NOR"]
[Date "2019.06.06"]
[Round "3"]
[White "Mamedyarov, Shakhriyar"]
[Black "Aronian, Levon"]
[Result "0-1"]
[WhiteElo "2774"]
[BlackElo "2752"]
[PlyCount "62"]
[EventDate "2019.06.04"]

1. c4 e5 2. Nc3 Nf6 3. Nf3 Nc6 4. e3 Bb4 5. Qc2 Bxc3 6. Qxc3 Qe7 7. d4 Ne4 8.
Qd3 exd4 9. Nxd4 O-O 10. Be2 Nxd4 11. Qxd4 b6 12. O-O Bb7 13. Rd1 d6 14. f3 Ng5
15. b4 Rae8 16. a4 f5 17. c5 dxc5 18. bxc5 Ne6 19. Bc4 Rd8 20. Bxe6+ Qxe6 21.
Qxd8 Rxd8 22. Rxd8+ Kf7 23. Rd1 bxc5 24. Re1 c4 25. Bd2 g5 26. Bc3 g4 27. fxg4
Qe4 28. Ra2 Qd3 29. Ba1 c3 30. Rf2 Be4 31. Rc1 c2 0-1

[Event "Norway Chess 2019"]
[Site "Stavanger NOR"]
[Date "2019.06.06"]
[Round "3"]
[White "Vachier-Lagrave, Maxime"]
[Black "Anand, Viswanathan"]
[Result "1/2-1/2"]
[WhiteElo "2779"]
[BlackElo "2767"]
[PlyCount "63"]
[EventDate "2019.06.04"]

1. e4 e5 2. Nf3 Nc6 3. Bb5 a6 4. Ba4 Nf6 5. O-O Bc5 6. c3 b5 7. Bb3 d6 8. d4
Bb6 9. a4 Bb7 10. axb5 axb5 11. Rxa8 Bxa8 12. Na3 Nxe4 13. Nxb5 O-O 14. Qe2 Nf6
15. dxe5 Nxe5 16. Nxe5 Qe8 17. Nd4 Qxe5 18. Qxe5 dxe5 19. Nf3 Re8 20. Ba4 c6
21. Nd2 Bb7 22. Nc4 Bc7 23. Rd1 Nd5 24. Ne3 Rd8 25. c4 Nf4 26. Rxd8+ Bxd8 27.
Bd2 c5 28. b4 cxb4 29. Bxb4 Nd3 30. Bd6 Bb6 31. Kf1 Bc5 32. Bxc5 1/2-1/2

[Event "Norway Armageddon 2019"]
[Site "Stavanger NOR"]
[Date "2019.06.06"]
[Round "3"]
[White "Vachier-Lagrave, Maxime"]
[Black "Anand, Viswanathan"]
[Result "1/2-1/2"]
[WhiteElo "2779"]
[BlackElo "2767"]
[PlyCount "80"]
[EventDate "2019.06.04"]

1. e4 e5 2. Nf3 Nc6 3. Bb5 a6 4. Ba4 Nf6 5. O-O Bc5 6. c3 b5 7. Bb3 d6 8. a4
Bb7 9. d3 h6 10. Re1 O-O 11. axb5 axb5 12. Rxa8 Bxa8 13. Nh4 Na5 14. Nf5 Nxb3
15. Qxb3 Bc6 16. Na3 Bd7 17. Ne3 Qb8 18. Qd1 b4 19. Nac4 bxc3 20. bxc3 Qa7 21.
Qf3 Rb8 22. Bd2 Qa2 23. h3 Rb1 24. Rxb1 Qxb1+ 25. Nf1 Bb5 26. Bxh6 Bxc4 27.
dxc4 Qxe4 28. Bg5 Qxf3 29. gxf3 Nd7 30. Bd8 Nb6 31. Nd2 Na8 32. Nb3 f6 33. Nxc5
dxc5 34. Be7 Nb6 35. Bxc5 Nxc4 36. Kf1 Kf7 37. Ke2 Ke6 38. h4 g6 39. Kd3 Kd5
40. Be7 f5 1/2-1/2

[Event "Norway Chess 2019"]
[Site "Stavanger NOR"]
[Date "2019.06.08"]
[Round "4"]
[White "Carlsen, Magnus"]
[Black "Mamedyarov, Shakhriyar"]
[Result "1/2-1/2"]
[WhiteElo "2875"]
[BlackElo "2774"]
[PlyCount "92"]
[EventDate "2019.06.04"]

1. d4 Nf6 2. c4 g6 3. Nc3 d5 4. cxd5 Nxd5 5. e4 Nxc3 6. bxc3 Bg7 7. Be3 c5 8.
Rc1 O-O 9. Nf3 Nd7 10. Be2 Qa5 11. O-O Qxa2 12. Nd2 Qa5 13. h4 b5 14. h5 Bb7
15. h6 Bh8 16. e5 Qc7 17. Bxb5 Bxg2 18. Kxg2 Qb7+ 19. Qf3 Qxb5 20. Rb1 Qa6 21.
Ne4 cxd4 22. cxd4 f6 23. Ng5 e6 24. Ra1 Qb6 25. exf6 Bxf6 26. Qe4 Bxg5 27. Bxg5
Qd6 28. Rfe1 Qd5 29. Qxd5 exd5 30. Ra5 Rf5 31. f4 Nf6 32. Re7 Ne4 33. Rg7+ Kh8
34. Raxa7 Rxa7 35. Rxa7 Kg8 36. Rg7+ Kf8 37. Be7+ Ke8 38. Rxh7 Rf7 39. Rxf7
Kxf7 40. Kf3 Kg8 41. Kg4 Kh7 42. Bf8 Nf6+ 43. Kh4 Ne4 44. Bg7 Nd6 45. Kg5 Ne4+
46. Kg4 Nd6 1/2-1/2

[Event "Norway Chess 2019"]
[Site "Stavanger NOR"]
[Date "2019.06.08"]
[Round "4"]
[White "Aronian, Levon"]
[Black "Vachier-Lagrave, Maxime"]
[Result "1/2-1/2"]
[WhiteElo "2752"]
[BlackElo "2779"]
[PlyCount "74"]
[EventDate "2019.06.04"]

1. c4 c5 2. Nc3 g6 3. g3 Bg7 4. Bg2 Nc6 5. d3 e6 6. h4 h6 7. h5 g5 8. f4 Qc7 9.
e4 Nge7 10. Nge2 gxf4 11. gxf4 d6 12. Be3 Bd7 13. Qd2 Nd4 14. Rc1 Rg8 15. b4
cxb4 16. Bxd4 Bxd4 17. Nxd4 bxc3 18. Rxc3 e5 19. Nb3 O-O-O 20. c5 Kb8 21. cxd6
Qxd6 22. fxe5 Qxe5 23. d4 Qg5 24. Bf3 f5 25. Qxg5 Rxg5 26. e5 Bc6 27. Kf2 Bxf3
28. Rxf3 Rdg8 29. Rh2 b6 30. Nc1 Rc8 31. Ne2 Rc2 32. a3 Nd5 33. Ke1 Kc7 34.
Rhf2 Rxh5 35. Ng3 Rxf2 36. Kxf2 Rh2+ 37. Kg1 Rd2 1/2-1/2

[Event "Norway Chess 2019"]
[Site "Stavanger NOR"]
[Date "2019.06.08"]
[Round "4"]
[White "Caruana, Fabiano"]
[Black "So, Wesley"]
[Result "1/2-1/2"]
[WhiteElo "2819"]
[BlackElo "2754"]
[PlyCount "73"]
[EventDate "2019.06.04"]

1. e4 e5 2. Nf3 Nc6 3. Bc4 Bc5 4. c3 Nf6 5. d4 exd4 6. e5 d5 7. Be2 Ne4 8. cxd4
Bb4+ 9. Bd2 Nxd2 10. Nbxd2 O-O 11. O-O f6 12. Bb5 Ne7 13. a3 Ba5 14. Bd3 Nc6
15. Bb5 Bb6 16. Bxc6 bxc6 17. Rc1 fxe5 18. Nxe5 Ba6 19. Nxc6 Qf6 20. Nf3 Bb5
21. Nce5 Bxf1 22. Qxf1 Rad8 23. Qd3 Qf4 24. Rc2 Rde8 25. g3 Qe4 26. Rd2 c5 27.
dxc5 Bxc5 28. Qxd5+ Qxd5 29. Rxd5 Bb6 30. Kg2 Rc8 31. Nd7 Rfe8 32. Nxb6 axb6
33. Rb5 Rc2 34. Nd4 Rd2 35. Nf3 Rc2 36. Nd4 Rd2 37. Nf3 1/2-1/2

[Event "Norway Chess 2019"]
[Site "Stavanger NOR"]
[Date "2019.06.08"]
[Round "4"]
[White "Anand, Viswanathan"]
[Black "Ding, Liren"]
[Result "1/2-1/2"]
[WhiteElo "2767"]
[BlackElo "2805"]
[PlyCount "214"]
[EventDate "2019.06.04"]

1. e4 e5 2. Nf3 Nc6 3. Bc4 Nf6 4. d3 Bc5 5. O-O O-O 6. c3 d6 7. h3 a5 8. Re1 h6
9. Nbd2 Be6 10. Bb5 Qb8 11. Nf1 Qa7 12. d4 exd4 13. Bxc6 dxc3 14. Ba4 Bxf2+ 15.
Kh2 d5 16. e5 Ne4 17. Be3 c5 18. Bxf2 Nxf2 19. Qc2 cxb2 20. Rab1 c4 21. Qxb2
Nd3 22. Qc3 Nxe1 23. Rxe1 Qc5 24. Rb1 Bf5 25. Rb5 Qc7 26. Ne3 Be4 27. Nd2 Rae8
28. Nxe4 Qxe5+ 29. Qxe5 Rxe5 30. Bc2 f5 31. Nxc4 Re7 32. Rxd5 fxe4 33. Ne3 b6
34. Rb5 Rb8 35. Nf5 Rc7 36. Bxe4 Rc5 37. Rb3 Re5 38. Bd3 Rd8 39. Ng3 Rd4 40.
Be2 Rb4 41. Rd3 b5 42. Bh5 Kh7 43. Rd6 Rg5 44. Be2 Kg8 45. Bd3 Kf8 46. Nf5 Rb2
47. Be4 g6 48. Rf6+ Ke8 49. Bc6+ Kd8 50. Nd4 Ke7 51. Re6+ Kf7 52. Rd6 Rxa2 53.
Nxb5 Rb2 54. Rd7+ Kf6 55. Nc3 Ke6 56. Rd3 h5 57. Bd5+ Ke7 58. Bf3 Re5 59. Rd4
Kf8 60. Rd8+ Kg7 61. Ra8 Rf5 62. Be4 Rg5 63. Ra7+ Kh6 64. Ra6 Rd2 65. Bf3 Rf5
66. Be4 Rg5 67. h4 Rg4 68. Kh3 Rd4 69. Bf5 Rxh4+ 70. Kg3 Kg5 71. Bxg6 Rhg4+ 72.
Kh2 a4 73. Bh7 h4 74. Rg6+ Kh5 75. Re6 a3 76. Bf5 Rg5 77. Be4 Ra5 78. Bf3+ Kg5
79. Re2 Rd3 80. Rc2 Rxc3 81. Rxc3 a2 82. Rc1 a1=Q 83. Rxa1 Rxa1 84. Bc6 Kf4 85.
Bb7 Rc1 86. Bd5 Rc2 87. Be6 Rc3 88. Bd7 Rg3 89. Bh3 Ke3 90. Kg1 Ke2 91. Bc8 Ra3
92. Bg4+ Ke3 93. Kh2 Kf2 94. Bf3 Ra1 95. Bb7 Ra7 96. Bd5 Ke3 97. Bc6 Kf4 98.
Bd5 Ra3 99. Be6 Rg3 100. Bh3 Ke3 101. Kg1 Rg7 102. Be6 Re7 103. Bh3 Rc7 104.
Be6 Rc6 105. Bd7 Rd6 106. Bc8 Rd8 107. Be6 Rd6 1/2-1/2

[Event "Norway Chess 2019"]
[Site "Stavanger NOR"]
[Date "2019.06.08"]
[Round "4"]
[White "Grischuk, Alexander"]
[Black "Yu, Yangyi"]
[Result "0-1"]
[WhiteElo "2775"]
[BlackElo "2738"]
[PlyCount "102"]
[EventDate "2019.06.04"]

1. e4 e5 2. Nf3 Nf6 3. Nxe5 d6 4. Nf3 Nxe4 5. d4 d5 6. Bd3 Bf5 7. O-O Be7 8.
Ne5 Nd7 9. Nc3 Nxc3 10. bxc3 Bxd3 11. cxd3 O-O 12. Qb3 Nxe5 13. dxe5 Qd7 14. f4
f5 15. a4 b6 16. Be3 Rfd8 17. Rfd1 c6 18. c4 Qe6 19. Rac1 Kf7 20. Bf2 dxc4 21.
dxc4 Rxd1+ 22. Qxd1 Rd8 23. Qh5+ Kg8 24. h3 g6 25. Qf3 c5 26. Qc3 Qc6 27. a5
Qe4 28. Qe3 Rd4 29. Qxe4 Rxe4 30. g3 g5 31. fxg5 Bxg5 32. Rb1 bxa5 33. Rb5 a4
34. Rxc5 Bd2 35. Rc8+ Kf7 36. Rc7+ Ke6 37. Rc6+ Kxe5 38. Bxa7 a3 39. Rc5+ Ke6
40. Rc6+ Kd7 41. Ra6 Bb4 42. c5 Re2 43. c6+ Kc7 44. Bd4 a2 45. Kf1 Rc2 46. g4
f4 47. g5 f3 48. h4 Bd6 49. h5 Bg3 50. Bb6+ Kd6 51. Be3 Rb2 0-1

[Event "Norway Armageddon 2019"]
[Site "Stavanger NOR"]
[Date "2019.06.08"]
[Round "4"]
[White "Carlsen, Magnus"]
[Black "Mamedyarov, Shakhriyar"]
[Result "1-0"]
[WhiteElo "2875"]
[BlackElo "2774"]
[PlyCount "115"]
[EventDate "2019.06.04"]

1. d4 Nf6 2. c4 g6 3. Nc3 d5 4. cxd5 Nxd5 5. e4 Nxc3 6. bxc3 Bg7 7. Be3 c5 8.
Rc1 O-O 9. Nf3 Qa5 10. Qd2 cxd4 11. cxd4 Qxd2+ 12. Nxd2 Rd8 13. Nf3 Nc6 14. d5
Nb4 15. Bd2 Na6 16. Bg5 Kf8 17. Bxa6 bxa6 18. O-O Rb8 19. Rc7 Rd7 20. Rc6 Rdb7
21. Bf4 Ra8 22. Rfc1 Bd7 23. Rc7 Rxc7 24. Rxc7 Ke8 25. h3 h6 26. Ne5 Bxe5 27.
Bxe5 f5 28. exf5 Bxf5 29. a3 Rd8 30. d6 exd6 31. Bf4 g5 32. Be3 Rd7 33. Rc6 Kf7
34. Rxa6 Bd3 35. Ra4 a6 36. h4 d5 37. hxg5 hxg5 38. Rd4 Bc4 39. Bxg5 Rb7 40.
Rf4+ Ke6 41. g4 Rb3 42. Bh4 Rxa3 43. g5 Ra1+ 44. Kh2 d4 45. g6 Bd5 46. f3 d3
47. g7 Ke5 48. Bg3 Ra2+ 49. Kh3 d2 50. Rf7+ Kd4 51. g8=Q d1=Q 52. Qg7+ Kd3 53.
Qg6+ Kd4 54. Qf6+ Kd3 55. Qf5+ Kc4 56. Rc7+ Kb5 57. Qd7+ Kb4 58. Qd6+ 1-0